01346nam a2200313 a 450000100100000000500170001000800410002702000150006804000130008308200210009611000600011724501510017726001130032830000230044149000430046450000310050750400420053850000210058050500130060150000370061461000720065165000400072370000350076370000360079883000500083404900090088495201240089399900150101700000542720200929151657.0090819s2000 es a 001 0 spa d a8400079817 aDO-SdBNP a590.95074bS237c1 aMuseo Nacional de Ciencias Naturales (España).91540910aCatálogo de las colecciones zoológicas de Asia del museo nacional de ciencias naturales. /cCelia M. Santos Mazorra ; prólogo Jorge Morales. aMadrid, :bMuseo Nacionales de Ciencias NaturalesbConsejo superior de investigaciones científicas,c2000. av. :bil ;c24 cm.0 aManuales técnicos de Museologíav8 aIncluye tabla de contenido aIncluye referencias bibliografícas. aIncluye índice0 aInsentos aLa biblioteca posee el volumen I14aMUSEO NACIONAL DE CIENCIAS NATURALES (ESPAÑA)vCATÁLOGOS915410 4aZoologíavCATÁLOGOzAsia9154111 aMorales, Jorgeepról.9154121 aSantos Mazorra, Celia M.915413 0aManuales técnicos de museologíav8915414 aBNPD 001054708MOaGRbGRcCTd2009-08-19iLF1l0o590.95074 S237cp5427-10r2020-06-25w2020-06-25y4ZPréstamo en sala c5227d5227